Responses for Show #7840 - Friday, October 12, 2018

Alan Dunn game 1. WE ASKED: Dr. Travis Stork.

Contestants

[<< previous game]

Alan Dunn, a software development manager from Johns Creek, Georgia

Ryan Vesledahl, a catastrophe modeler from Minneapolis, Minnesota

Alex Schmidt, a writer and comedian from Pasadena, California (whose 4-day cash winnings total $92,880)

[next game >>]

Jeopardy! Round responses

C & C ALLITERATION FACTORY
MOUNTAINS
SACK TIME
EDUCATION
LIBROS EN ESPAÑOL
FRIENDS OFF THE COURT
    $200 1
cruise control

Alan
    $200 25
Alaska

Alex
    $200 26
bed

Ryan
    $200 12
(Ryan: What is HeadStart?)

a charter school

AlexRyan
    $200 7
(Ryan: What is Lost?)

Gone Girl

AlexRyan
    $200 2
Wilt Chamberlain

Alan
    $400 21
closed caption

Ryan
    $400 17
the Pyrenees

Ryan
    $400 27
mourning

Alex
    $400 13
medicine

Alex
    $400 8
(Ryan: What is The Prince?)

The Little Prince

AlexRyan
    $400 3
Kevin Hart

Alex
    $600 22
carbon copy

Ryan
    $600 18
Kilimanjaro

Ryan
    $600 28
firing him

Alan
    $600 14
red

Alan
    $600 9
A Room with a View

Alex
    $600 4
Russell Westbrook

Ryan
    $800 23
card counting

Ryan
    $800 19
Norway

Alex
    $800 29
luck

Triple Stumper
    $800 15
(Ryan: What is tenureship--)
(Alex Trebek: No.)
(Ryan: [*].)
(Alex Trebek: Oh, you corrected yourself in time.)

tenure

Ryan
    $800 10
Fifty Shades Freed

Alex
    $800 5
Kim Jong-un

Alex
    $2,500 24
(Ryan: What are... bravos?)

curtain calls

Ryan
    $1000 20
(Ryan: What is Krakatoa?)

Pinatubo

RyanAlan
    $1000 30
Richard I (or Richard the Lionhearted)

Alex
    $1000 16
Carnegie Mellon

Ryan
    $1000 11
For Whom the Bell Tolls

Ryan
    $1000 6
(John) Wooden

Ryan

Scores at the first commercial break (after clue 15):

Alex Ryan Alan
$3,800 $2,600 $1,000

Scores at the end of the Jeopardy! Round:

Alex Ryan Alan
$6,200 $3,100 $2,600

Double Jeopardy! Round responses

I'M OUTTA HERE
SCULPTURE
3-SYLLABLE WORDS
LEGAL LATIN
"TIME" FOR A TUNE
MODERN HEALTH
(Travis Stork: I'm Dr. Travis Stork of The Doctors with...) (Travis Stork: Clues about how to stay well amid issues our ancestors never faced.)
    $400 13
the World Bank

Alex
    $400 30
the Vatican Museum

Alan
    $400 7
interpret

Alex
    $400 1
pro bono

Alex
    $400 9
"Time After Time"

Ryan
    $400 27
(Alex Trebek: And I want to thank Dr. Stork for all of the clues in that category, and I promise that I will try to heed some of those good hints.)

concussion

Ryan
    $800 17
(Alan: What is Kentucky?)

Tennessee

RyanAlan
    $800 25
Paleolithic

Ryan
    $800 6
a seminar

Triple Stumper
    $800 2
habeas corpus

Alex
    $800 10
"Time Of Your Life"

Ryan
    $800 18
(Alex Schmidt: What is scoliosis?)

text neck

Alex
Triple Stumper
    $1200 14
(Alan: Who is George VI?)

Edward VIII

AlexAlan
    $2,000 26
(Ryan: What is an arm?)
(Alex Trebek: No, they added [*], to go you-know-where.)

a fig leaf

Ryan
    $1200 8
deputy

Ryan
    $1200 3
the whole court

Alan
    $1200 11
"The Time Warp"

Alan
    $1200 20
sodium

Ryan
    $1600 15
Peru

Alan
    $1600 29
Teresa

Ryan
    $1600 23
a polygon

Alan
    $3,000 4
in absentia

Alan
    $1600 12
"All Time Low"

Triple Stumper
    $1600 21
mucus membranes

Alan
    $2000 16
Ben-Gurion

Ryan
    $2000 28
Balloon Dog

Triple Stumper
    $2000 24
(Alan: What is December?)
(Ryan: What is January?)

September

RyanAlan
Triple Stumper
    $2000 5
let the decision stand (or precedent)

Alan
    $2000 19
time in a bottle

Ryan
    $2000 22
melatonin

Alex

Scores at the end of the Double Jeopardy! Round:

Alex Ryan Alan
$10,600 $10,300 $11,200

[wagering suggestions for these scores]

Final Jeopardy! Round responses

CHARLES DICKENS
RyanWhat is A Tale of Two Cities?
$10,099
AlexWhat is Tale of Two Cities
$10,001
AlanWhat is A Tale of Two Cities?
$10,001
A Tale of Two Cities

Final scores:

Alex Ryan Alan
$20,601 $20,399 $21,201
2nd place: $2,000 3rd place: $1,000 New champion: $21,201

Game dynamics:

Coryat scores:

Alex Ryan Alan
$10,600 $14,800 $9,800
18 R,
1 W
21 R,
7 W
(including 2 DDs)
13 R
(including 1 DD),
3 W

Combined Coryat: $35,200

[game clues] [game scores] [suggest correction]

Game tape date: 2018-08-14
The J! Archive is created by fans, for fans. Scraping, republication, monetization, and malicious use prohibited; this site may use cookies and collect identifying information. See terms. The Jeopardy! game show and all elements thereof, including but not limited to copyright and trademark thereto, are the property of Jeopardy Productions, Inc. and are protected under law. This website is not affiliated with, sponsored by, or operated by Jeopardy Productions, Inc. Join the discussion at JBoard.tv.